Lettres a une inconnue / (Record no. 159488)
[ view plain ]
| 000 -LEADER | |
|---|---|
| campo de control de longitud fija | 00913nam a2200229 i 4500 |
| 001 - NÚMERO DE CONTROL | |
| campo de control | 159488 |
| 003 - IDENTIFICADOR DE NÚMERO DE CONTROL | |
| campo de control | ES-MaACL |
| 005 - FECHA Y HORA DE LA ÚLTIMA TRANSACCIÓN | |
| campo de control | 20251013214051.0 |
| 008 - DATOS DE LONGITUD FIJA--INFORMACIÓN GENERAL | |
| campo de control de longitud fija | 040914q18901900fr |||| | fre d |
| 040 ## - FUENTE DE CATALOGACIÓN | |
| Centro catalogador/agencia de origen | CAM |
| Lengua de catalogación | spa |
| Centro/agencia transcriptor | CAM |
| 100 1# - ENTRADA PRINCIPAL--NOMBRE DE PERSONA | |
| Nombre de persona | Mérimée, Prosper ( |
| Fechas asociadas al nombre | 1803-1870) |
| 9 (RLIN) | 80507 |
| 245 10 - MENCIÓN DEL TÍTULO | |
| Título | Lettres a une inconnue / |
| Mención de responsabilidad, etc. | par Prosper Mérimée ; précédées d'une étude sur Mérimée par H. Taine. |
| 260 ## - PUBLICACIÓN, DISTRIBUCIÓN, ETC. | |
| Lugar de publicación, distribución, etc. | Paris : |
| Nombre del editor, distribuidor, etc. | Calmann Lévy, éditeur, |
| Fecha de publicación, distribución, etc. | [s.a.] ( |
| Lugar de fabricación/manufactura | Lagny : |
| Fabricante | Emile Colin) |
| 300 ## - DESCRIPCIÓN FÍSICA | |
| Extensión | 2 v. (XXXII, 368 ; 373 p.) ; |
| Dimensiones | 19 cm. |
| 490 1# - MENCIÓN DE SERIE | |
| Mención de serie | Bibliothèque contemporaine |
| 596 ## - NOTA AL PIE DE IMPRENTA | |
| NOTA AL PIE DE IMPRENTA | Calmann Lévy ejerce ca. 1890-1900. |
| 596 ## - NOTA AL PIE DE IMPRENTA | |
| NOTA AL PIE DE IMPRENTA | En cub. consta el imp.: Imprimerie Chaix. |
| 700 1# - ENTRADA AGREGADA--NOMBRE PERSONAL | |
| Nombre de persona | Taine, Hippolyte, |
| Fechas asociadas al nombre | 1828-1893 |
| 9 (RLIN) | 109085 |
| 830 0# - PUNTO DE ACCESO ADICIONAL DE SERIE-TÍTULO UNIFORME | |
| Título uniforme | Bibliothèque contemporaine |
| 9 (RLIN) | 181673 |
| 852 ## - LOCALIZACIÓN | |
| Ubicación | ES-MaACL |
| Número de control de estantería | B-2722-2723 |
| Nota libre | -- Enc. hol., conservando las cub. originales |
| Estatus retirado | Estado de pérdida | Estado de daño | No para préstamo | Biblioteca de origen | Biblioteca actual | Ubicación en estantería | Fecha de adquisición | Fuente de adquisición | Total de préstamos | Signatura topográfica completa | Código de barras | Visto por última vez | Precio de reemplazo | Tipo de ítem Koha |
|---|---|---|---|---|---|---|---|---|---|---|---|---|---|---|
| Biblioteca del Ateneo de Madrid | Biblioteca del Ateneo de Madrid | Sala Pardo Bazán | 17/01/2008 | B-2722-2723 | 1166964 | 23/02/2023 | 23/02/2023 | Libro impreso |
